ბათუმის შოთა რუსთაველის სახელმწიფო უნივერსიტეტის ბიბლიოთეკა

ეტიუდები აღმოსავლეთის ქვეყნების ისტორიიდან : (ბიბ.ჩანაწერი № 57122)

000 -ლიდერი
ფიქსირებული სიგრძის საკონტროლო ველი 01338nam a22002297a 4500
003 - საკონტროლო ნომრის იდენტიფიკატორი
საკონტროლო ველი Ge_BSU
005 - ბოლო ოპერაციის თარიღი და დრო
საკონტროლო ველი 20191121171226.0
008 - ფიქსირებული სიგრძის მონაცემთა ელემენტები - ზოგადი ინფორმაცია
ფიქსირებული სიგრძის საკონტროლო ველი 191121s2019 ||||| |||| 00| 0 geo d
020 ## - წიგნის საერთაშორისო სტანდარტული ნომერი
International Standard Book Number 9789941255601
041 ## - ენის კოდი
Language code of text/sound track or separate title geo
080 ## - უნივერსალური ათობითი კლასიფიკაციის ინდექსი
Universal Decimal Classification number 94(479.22):94(100) კ-44
100 ## - მთავარი ჩანაწერი - პიროვნების სახელი
Personal name კვაშილავა, კახა.
9 (RLIN) 5508
245 ## - ცნობა სათაურის შესახებ
Title ეტიუდები აღმოსავლეთის ქვეყნების ისტორიიდან :
Remainder of title კრებული /
Statement of responsibility, etc კახა კვაშილავა ; რედ. თეიმურაზ პაპასქირი.
250 ## - გამოცემის ცნობა
Edition statement მეორე ჩასწორებული და შევს. გამოცემა
264 ## - წარმოების, გამოცემის, დისტრიბუციის და სხვა ცნობები
გამოცემის, წარმოების, დისტრიბუციის... ადგილი თბილისი,
გამოცემის, წარმოების, დისტრიბუციის... თარიღი 2019.
300 ## - ფიზიკური აღწერა
Extent 307გვ.:
Other physical details ილ;
Dimensions 20 სმ.
520 ## - SUMMARY, ETC.
Summary, etc რეზ. ინგლ. ენ.
653 ## - INDEX TERM--UNCONTROLLED
Uncontrolled term აღმოსავლეთის ქვეყნების ისტორია
700 ## - ADDED ENTRY--PERSONAL NAME
Personal name პაპასქირი, თეიმურაზ
Relator term რედაქტორი
9 (RLIN) 5509
710 ## - ADDED ENTRY--CORPORATE NAME
Relator term სოხუმის სახელმწ. უნ-ტი, ექვთიმე თაყაიშვილის სახ. საქ. საისტ. საზ-ბის აფხაზეთის ორგანიზაცია.
9 (RLIN) 5510
942 ## - ADDED ENTRY ELEMENTS (KOHA)
Source of classification or shelving scheme
Koha item type წიგნი
ეგზემპლარები
ჩამოწერის სტატუსი დაკარგული ეგზემპლარის სტატუსი კლასიფიკაციის წყარო ან თაროზე გაწყობის სქემა დაზიანების სტატუსი არ გაიცემა მუდმივი მდებარეობა (დაცვის ადგილი) ამჟამინდელი ადგილსამყოფელი თაროზე განთავსების ადგილი შეძენის თარიღი ღირებულება, შესყიდვის ნორმალური ფასი სრული შენახვის შიფრი შტრიხკოდი ბოლო ოპერაციის თარიღი ეგზემპლარის მიმდევრობითი ნომერი (კეტერი?) ფასის ძალაში შესვლის თარიღი ეგზემპლარის სახეობა საჯარო შენიშვნა
          ბათუმის შოთა რუსთაველის სახელმწიფო უნივერსიტეტის მთავარი ბიბლიოთეკა ბათუმის შოთა რუსთაველის სახელმწიფო უნივერსიტეტის მთავარი ბიბლიოთეკა წიგნსაცავი 2019-11-21 10.00 94(479.22):94(100) კ-44 59316 2019-11-21 59316 2019-11-21 წიგნი 10.00